Memoria del curso de 1915-1916 / (Record no. 128086)

MARC details
000 -LEADER
campo de control de longitud fija 00642nam a2200181 4500
001 - NÚMERO DE CONTROL
campo de control 128086
003 - IDENTIFICADOR DE NÚMERO DE CONTROL
campo de control ES-MaACL
005 - FECHA Y HORA DE LA ÚLTIMA TRANSACCIÓN
campo de control 20230906193147.0
007 - CAMPO FIJO DE DESCRIPCIÓN FÍSICA--INFORMACIÓN GENERAL
campo de control de longitud fija t|
008 - DATOS DE LONGITUD FIJA--INFORMACIÓN GENERAL
campo de control de longitud fija 070214s1916 sp r ||||1| spa d
100 1# - ENTRADA PRINCIPAL--NOMBRE DE PERSONA
Nombre de persona Rocafull de Montes, José.
9 (RLIN) 98023
245 10 - MENCIÓN DEL TÍTULO
Título Memoria del curso de 1915-1916 /
Mención de responsabilidad, etc. José Rocafull de Montes.
260 ## - PUBLICACIÓN, DISTRIBUCIÓN, ETC.
Lugar de publicación, distribución, etc. Almería :
Nombre del editor, distribuidor, etc. [s.n.],
Fecha de publicación, distribución, etc. 1916 (
Fabricante Talls. Gráf. Sempere)
500 ## - NOTA GENERAL
Nota general Precede al Tit : Escuela de Artes e Industrias de Almería.
610 2# - PUNTO DE ACCESO ADICIONAL DE MATERIA--NOMBRE DE ENTIDAD CORPORATIVA
Nombre de entidad corporativa o nombre de jurisdicción como elemento de entrada Escuela de Artes y Oficios de Almería-
Subdivisión de forma Memorias.
9 (RLIN) 148588
710 2# - ENTRADA AGREGADA--NOMBRE DE ENTIDAD CORPORATIVA
Nombre de entidad corporativa o nombre de jurisdicción como elemento de entrada Escuela de Artes e Industrias de Almería.
9 (RLIN) 3522
852 ## - LOCALIZACIÓN
Ubicación ES-MaACL
Número de control de estantería 1510-F-2
Holdings
Estatus retirado Estado de pérdida Estado de daño No para préstamo Colección Biblioteca de origen Biblioteca actual Ubicación en estantería Fecha de adquisición Fuente de adquisición Total de préstamos Signatura topográfica completa Código de barras Visto por última vez Precio de reemplazo Tipo de ítem Koha
        Colección de folletos Biblioteca del Ateneo de Madrid Biblioteca del Ateneo de Madrid Depósito folletos 17/01/2008     1510-F-2 1133404 23/02/2023 23/02/2023 Folleto